Investments. (6th ed.) (Record no. 48331)

MARC details
000 -LEADER
fixed length control field 00880nam a2200253 a 4500
008 - FIXED-LENGTH DATA ELEMENTS--GENERAL INFORMATION
fixed length control field 060316s1999 ||||||||||||||||| || u
020 ## - INTERNATIONAL STANDARD BOOK NUMBER
International Standard Book Number 0130101303
050 ## - LIBRARY OF CONGRESS CALL NUMBER
Classification number HG 4521 Sha
100 ## - MAIN ENTRY--PERSONAL NAME
Personal name Bailey, Jeffery V
245 10 - TITLE STATEMENT
Title Investments. (6th ed.)
250 ## - EDITION STATEMENT
Edition statement 6th ed.
260 ## - PUBLICATION, DISTRIBUTION, ETC.
Place of publication, distribution, etc. Upper Saddler River, N.J :
Name of publisher, distributor, etc. FT Prentice-Hall
Date of publication, distribution, etc. 1999
260 ## - PUBLICATION, DISTRIBUTION, ETC.
Place of publication, distribution, etc. Upper Saddler River, N.J :
Name of publisher, distributor, etc. Prentice Hall
Date of publication, distribution, etc. 1999
300 ## - PHYSICAL DESCRIPTION
Extent xxix, 962 p. : ill.
350 ## - PRICE (NR) (BK AM CF MU VM SE) [OBSOLETE]
Price 0.00
500 ## - GENERAL NOTE
General note Includes bibliographical references (p. 902-905) and index.
650 ## - SUBJECT ADDED ENTRY--TOPICAL TERM
Topical term or geographic name entry element INVESTMENTS
650 #0 - SUBJECT ADDED ENTRY--TOPICAL TERM
Topical term or geographic name entry element ECONOMICS
650 ## - SUBJECT ADDED ENTRY--TOPICAL TERM
Topical term or geographic name entry element INVESTMENT ANALYSIS--ZAMBIA
700 ## - ADDED ENTRY--PERSONAL NAME
Personal name Jeffrey V
700 ## - ADDED ENTRY--PERSONAL NAME
Personal name Sharpe, William F
700 ## - ADDED ENTRY--PERSONAL NAME
Personal name Alexander, Gordon J., 1947-
995 ## - RECOMMENDATION 995 [LOCAL, UNIMARC FRANCE]
-- 0.00
-- CBU-MAIN LIBRARY (Kitwe)
-- 1
-- 45.00
-- 1
-- DAMAGED
-- Main Library Open Access Collection
Holdings
Withdrawn status Lost status Source of classification or shelving scheme Damaged status Not for loan Home library Current library Shelving location Date acquired Total Checkouts Full call number Barcode Date last seen Price effective from Koha item type
          CBU-MAIN LIBRARY, KITWE. CBU-MAIN LIBRARY, KITWE.   11/30/2022   HG 4521 Sha 45288 11/30/2022 11/30/2022 MONOGRAPH